000 00533nam a2200205Ia 4500
005 20250923144436.0
008 008 250917s9999 xx 000 0 eng d
037 _aTextual
040 _aDSWL
_beng
_cDSWL
041 _aeng
_2eng
084 _aX9J1322, H1
_qDSWL
100 _aGEORGE, H.
_9824936
245 0 _aLand Question
_cby H. GEORGE
260 _aNew York
_b xx
_c1941
300 _a151 p.
365 _aUSD
_b1
925 _g1
942 _cTEXL
_hX9J1322, H1
999 _c1438934
_d1438934